[Event "COL-chT (Women)"]
[Site "Risaralda"]
[Date "2023.11.19"]
[Round "2.4"]
[White "Pinilla Rozo, Maria Alejandra"]
[Black "Rosado Perez, Maria Jose"]
[Result "0-1"]
[WhiteElo "1436"]
[BlackElo "1790"]
[PlyCount "70"]
[EventDate "2023.11.19"]
[EventType "team-swiss"]
[EventRounds "7"]
[EventCountry "COL"]
[SourceTitle "CB49_2023"]
[SourceDate "2023.12.06"]
[SourceVersion "1"]
[SourceVersionDate "2023.12.06"]
[SourceQuality "1"]
[WhiteTeam "Cundinamarca (W)"]
[BlackTeam "Bolivar (W)"]
[WhiteTeamCountry "COL"]
[BlackTeamCountry "COL"]

1. e4 d5 2. exd5 Qxd5 3. Nf3 Bg4 4. Be2 Nf6 5. c4 Qd6 6. d4 Nc6 7. Be3 e6 8. 0-0 0-0-0 9. Nbd2 h6 10. a3 g5 11. Qa4 Kb8 12. b4 Bxf3 13. Bxf3 Nxd4 14. Rfd1 Qe5 15. Bxd4 Rxd4 16. Ne4 Be7 17. Nxf6 Bxf6 18. Rxd4 Qxd4 19. Rd1 Qxc4 20. Qd7 Rf8 21. Bh5 a6 22. Qa4 Be5 23. Qd7 Qh4 24. Bxf7 Qxh2+ 25. Kf1 Qf4 26. Qxe6 Rxf7 27. f3 Bd6 28. Qxh6 Qc4+ 29. Kg1 Qh4 30. Qe6 Qh2+ 31. Kf2 Qg3+ 32. Kg1 Re7 33. Qg8+ Ka7 34. Qc4 Re1+ 35. Rxe1 Qxe1+ 0-1

[Event "Pereira Fiestas de la Cosecha op"]
[Site "Pereira"]
[Date "2023.08.27"]
[Round "6"]
[White "Bravo, Juan Eduardo"]
[Black "Pinilla Rozo, Maria Alejandra"]
[Result "1/2-1/2"]
[WhiteElo "1709"]
[BlackElo "1391"]
[PlyCount "51"]
[EventDate "2023.08.24"]
[EventType "swiss"]
[EventRounds "7"]
[EventCountry "COL"]
[SourceTitle "EXT 2024"]
[Source "ChessBase"]
[SourceDate "2023.10.10"]
[SourceVersion "1"]
[SourceVersionDate "2023.10.10"]
[SourceQuality "1"]

1. e4 e6 2. d3 d5 3. Nd2 Nf6 4. Ngf3 Nc6 5. g3 dxe4 6. dxe4 e5 7. Bg2 Bc5 8. 0-0 0-0 9. h3 Qe7 10. c3 a5 11. a4 Rd8 12. Qc2 b6 13. Re1 Ba6 14. Bf1 Bxf1 15. Nxf1 Qd7 16. Kg2 Qd3 17. Qxd3 Rxd3 18. g4 Rad8 19. Ng3 h6 20. g5 hxg5 21. Bxg5 R8d6 22. Nf5 Re6 23. Ng3 Red6 24. Nf5 Re6 25. Ng3 Red6 26. Nf5 1/2-1/2

[Event "COL-chT (Women)"]
[Site "Bucaramanga"]
[Date "2022.09.07"]
[Round "2.4"]
[White "Brito Carrascal, Isabela"]
[Black "Pinilla Rozo, Maria Alejandra"]
[Result "1-0"]
[WhiteElo "1553"]
[BlackElo "1412"]
[PlyCount "71"]
[EventDate "2022.09.06"]
[EventType "team-swiss"]
[EventRounds "6"]
[EventCountry "COL"]
[SourceTitle "CBM 210 Extra"]
[Source "ChessBase"]
[SourceDate "2022.11.30"]
[SourceVersion "1"]
[SourceVersionDate "2022.11.30"]
[SourceQuality "1"]
[WhiteTeam "Bolivar (W)"]
[BlackTeam "Cundinamarca (W) II"]
[WhiteTeamCountry "COL"]
[BlackTeamCountry "COL"]

1. e4 e6 2. d4 d5 3. Nd2 Nf6 4. Bd3 c5 5. dxc5 Bxc5 6. exd5 exd5 7. Nb3 Bb6 8. Nf3 0-0 9. 0-0 Ne4 10. Nfd4 Qh4 11. Be3 Bc7 12. f4 Bg4 13. Qe1 Qh5 14. Nb5 Bd8 15. Bxe4 dxe4 16. Nc3 Re8 17. Nc5 Bb6 18. Nxb7 Bxe3+ 19. Qxe3 Nd7 20. h3 Be6 21. Nd6 Red8 22. f5 Nf6 23. fxe6 Rxd6 24. exf7+ Qxf7 25. Rae1 Qg6 26. Rd1 Rad8 27. Qxa7 Rd2 28. Rxd2 Rxd2 29. Rf2 e3 30. Qxe3 Rxc2 31. Rxc2 Qxc2 32. Qe2 Qf5 33. a4 Kf7 34. Qc4+ Ke7 35. b4 Qc2 36. Nd5+ 1-0

[Event "Medellin Easter op 10th"]
[Site "Medellin"]
[Date "2022.04.16"]
[Round "7"]
[White "Pinilla Rozo, Maria Alejandra"]
[Black "Cabrera Novoa, Emanuel"]
[Result "0-1"]
[WhiteElo "1600"]
[BlackElo "1416"]
[PlyCount "60"]
[EventDate "2022.04.13"]
[EventType "swiss"]
[EventRounds "8"]
[EventCountry "COL"]
[SourceTitle "CBM 207 Extra"]
[Source "ChessBase"]
[SourceDate "2022.05.31"]
[SourceVersion "1"]
[SourceVersionDate "2022.05.31"]
[SourceQuality "1"]

1. e4 d5 2. exd5 Nf6 3. d4 Bg4 4. Nf3 Qxd5 5. Be2 Nc6 6. Be3 e6 7. c4 Bb4+ 8. Nbd2 Qd7 9. 0-0 0-0 10. a3 Bxd2 11. Qxd2 Rad8 12. Rfd1 Qc8 13. Qc2 h6 14. Ne5 Bxe2 15. Qxe2 Ne7 16. Ng4 Nxg4 17. Qxg4 Nf5 18. Rac1 c5 19. d5 exd5 20. cxd5 Nxe3 21. Qxc8 Rxc8 22. fxe3 f5 23. Kf2 b6 24. Kf3 Rfe8 25. Rc4 Re5 26. Rc3 Rd8 27. Rcd3 Kf7 28. Kf4 Kf6 29. g4 Re4+ 30. Kf3 Rxg4 0-1

[Event "Medellin Easter op 10th"]
[Site "Medellin"]
[Date "2022.04.15"]
[Round "4"]
[White "Iral Salazar, Jorge Ivan"]
[Black "Pinilla Rozo, Maria Alejandra"]
[Result "1-0"]
[WhiteElo "1946"]
[BlackElo "1600"]
[PlyCount "61"]
[EventDate "2022.04.13"]
[EventType "swiss"]
[EventRounds "8"]
[EventCountry "COL"]
[SourceTitle "CBM 207 Extra"]
[Source "ChessBase"]
[SourceDate "2022.05.31"]
[SourceVersion "1"]
[SourceVersionDate "2022.05.31"]
[SourceQuality "1"]

1. d4 e6 2. e3 d5 3. Nf3 Nf6 4. Bd3 c5 5. c3 Nc6 6. Nbd2 Bd6 7. Qe2 0-0 8. 0-0 e5 9. dxe5 Nxe5 10. Nxe5 Bxe5 11. h3 Bc7 12. Nf3 Re8 13. Qc2 Ne4 14. c4 Ng5 15. Nxg5 Qxg5 16. f4 Qg3 17. Bxh7+ Kh8 18. Bf5 g6 19. Bxc8 Raxc8 20. cxd5 Kg7 21. Qc3+ f6 22. Rf3 Qh4 23. b3 g5 24. Bb2 gxf4 25. exf4 Re2 26. Raf1 Rg8 27. Rg3+ Kf7 28. Rxg8 Kxg8 29. d6 Qh5 30. dxc7 Rxg2+ 31. Kxg2 1-0

[Event "Sopo Region-ch (Women)"]
[Site "Sopo"]
[Date "2021.07.25"]
[Round "4"]
[White "Castillo Anzola, Sara Sofia"]
[Black "Pinilla Rozo, Maria Alejandra"]
[Result "0-1"]
[WhiteElo "1202"]
[BlackElo "1300"]
[PlyCount "78"]
[EventDate "2021.07.24"]
[EventType "swiss"]
[EventRounds "5"]
[EventCountry "COL"]
[SourceTitle "EXT 2022"]
[Source "ChessBase"]
[SourceDate "2021.10.06"]
[SourceVersion "1"]
[SourceVersionDate "2021.10.06"]
[SourceQuality "1"]

1. e4 e6 2. d4 d5 3. exd5 exd5 4. Nc3 Nf6 5. Bf4 Bd6 6. Bxd6 Qxd6 7. Nf3 c6 8. Be2 0-0 9. 0-0 Bg4 10. h3 Bxf3 11. Bxf3 Re8 12. Re1 Nbd7 13. Qd2 Re6 14. Re2 Nf8 15. Rae1 Ng6 16. Re3 Nh4 17. Qe2 Rae8 18. Qd3 Nxf3+ 19. gxf3 Nh5 20. Rxe6 Rxe6 21. Rxe6 Qxe6 22. Kf1 Nf4 23. Qe3 Qxh3+ 24. Ke1 Ng2+ 25. Kd1 Nxe3+ 26. fxe3 Qxf3+ 27. Kd2 h5 28. Ne2 h4 29. c3 h3 30. Ng1 Qg2+ 31. Kd3 Qxg1 32. Kd2 h2 33. c4 h1Q 34. Kc3 Qc1+ 35. Kb3 Qxc4+ 36. Ka3 a5 37. b3 Qb4+ 38. Kb2 Qg2+ 39. Kb1 Qe1# 0-1

[Event "Sopo Region-ch (Women)"]
[Site "Sopo"]
[Date "2021.07.24"]
[Round "2"]
[White "Rodriguez Lara, Laura Sofia"]
[Black "Pinilla Rozo, Maria Alejandra"]
[Result "1-0"]
[WhiteElo "1192"]
[BlackElo "1300"]
[PlyCount "77"]
[EventDate "2021.07.24"]
[EventType "swiss"]
[EventRounds "5"]
[EventCountry "COL"]
[SourceTitle "EXT 2022"]
[Source "ChessBase"]
[SourceDate "2021.10.06"]
[SourceVersion "1"]
[SourceVersionDate "2021.10.06"]
[SourceQuality "1"]

1. e4 e6 2. Nf3 d5 3. e5 c5 4. d4 Nc6 5. Bf4 Qb6 6. Be3 Qxb2 7. Nbd2 cxd4 8. Rb1 Qxa2 9. Nxd4 Bb4 10. Nxc6 Bxd2+ 11. Bxd2 bxc6 12. Bc3 Qa3 13. Bb4 Qa4 14. Bd3 Rb8 15. Bd2 Qd4 16. f4 Rxb1 17. Qxb1 Nh6 18. c3 Qb6 19. Qc2 Ng4 20. Bc1 Ne3 21. Qe2 Nf5 22. g4 Ne7 23. Be3 Qa5 24. 0-0 c5 25. c4 Nc6 26. cxd5 exd5 27. Bb5 Qb6 28. f5 0-0 29. f6 Re8 30. fxg7 Rxe5 31. Qf2 Be6 32. Bd3 d4 33. Bf4 f5 34. Bxe5 Nxe5 35. Bxf5 Bxf5 36. Qxf5 Nf3+ 37. Qxf3 Kxg7 38. Qf7+ Kh6 39. Qh5+ 1-0